| 000 | 00612nam a22001697a 4500 | ||
|---|---|---|---|
| 005 | 20120128173332.0 | ||
| 008 | 120128t xxu||||| |||| 00| 0 eng d | ||
| 020 | _cRs 225.00 | ||
| 035 | _aA-948545 | ||
| 040 |
_aDPL _bENG |
||
| 100 |
_aPrashant Kumar _940304 |
||
| 245 |
_aBookhive's a complete comprehensive for NIFT - NID : _bAdmission test / _cby Prashant Kumar |
||
| 260 |
_aGurgaon _bCosmos Bookhive (P) Ltd. _c1999 |
||
| 300 |
_avarious pages _c26 cms. |
||
| 942 |
_2ddc _cEN _h000 _mPRA |
||
| 999 |
_c61616 _d61616 |
||